000
00412nam a22001697a 4500
003
MPLRDC
005
20220104124153.0
008
210129b ||||| |||| 00| 0 eng d
082
_a
177 WIS
100
_a
T.WISEMAN
245
_a
金钱与人生
_c
郑秋水译
250
_a
三版
260
_a
_b
远流出版事业股份有限
_c
1982
300
_b
平
650
_a
应用心理学
942
_c
BK
_o
177 WIS
999
_c
17195
_d
17185